| 000 -LEADER |
| fixed length control field |
00606nam a22001937a 4500 |
| 005 - DATE AND TIME OF LATEST TRANSACTION |
| control field |
20260115095335.0 |
| 008 - FIXED-LENGTH DATA ELEMENTS--GENERAL INFORMATION |
| fixed length control field |
250122b ||||| |||| 00| 0 eng d |
| 020 ## - INTERNATIONAL STANDARD BOOK NUMBER |
| International Standard Book Number |
9781499421439 |
| 040 ## - CATALOGING SOURCE |
| Transcribing agency |
KH8 |
| 082 ## - DEWEY DECIMAL CLASSIFICATION NUMBER |
| Classification number |
581 PUR |
| 100 ## - MAIN ENTRY--PERSONAL NAME |
| Personal name |
DEVI PURI |
| Relator term |
PURI,DEVI |
| 245 ## - TITLE STATEMENT |
| Title |
PLANTS THAT HIDE |
| 260 ## - PUBLICATION, DISTRIBUTION, ETC. |
| Place of publication, distribution, etc. |
29 East 21st Street,New York,NY 10010 |
| Name of publisher, distributor, etc. |
The Rosen Publishing Group,Inc |
| Date of publication, distribution, etc. |
2017 |
| 300 ## - PHYSICAL DESCRIPTION |
| Extent |
24 pages |
| Other physical details |
colour illustration |
| Dimensions |
15cm x 23cm |
| 521 ## - TARGET AUDIENCE NOTE |
| Target audience note |
All about plants! All about the unusual plants. |
| 650 ## - SUBJECT ADDED ENTRY--TOPICAL TERM |
| Topical term or geographic name entry element |
Non Fiction |
| 655 ## - INDEX TERM--GENRE/FORM |
| Genre/form data or focus term |
Science |
| 942 ## - ADDED ENTRY ELEMENTS (KOHA) |
| Source of classification or shelving scheme |
|
| Classification part |
581 PUR |
| Koha item type |
Books - Non Ficton |